South Eastern Kenya University

Library Online Public Access Catalogue


The evolution of psychotherapy : (Record no. 14878)

MARC details
000 -LEADER
fixed length control field 00572cam a2200145 a 4500
020 ## - ISBN
International Standard Book Number 0876308132 (hardcover : alk. paper)
050 00 - LIBRARY OF CONGRESS CALL NUMBER
Classification Number RC475.5
Item Number .E96 1997
245 04 - TITLE
Title The evolution of psychotherapy :
Remainder of title the third conference /
Statement of responsibility, etc edited by Jeffrey K. Zeig.
260 ## - PUBLICATION, DISTRIBUTION, ETC.(IMPRINT)
Place of publication, distribution, etc New York :
Name of publisher, distributor, etc Brunner/Mazel,
Date of publication, distribution, etc c1997.
300 ## - PHYSICAL DESCRIPTION
Extent xx, 358 p. :
500 ## - GENERALNOTE
General note Papers from the 1995 Evolution of Psychotherapy Conference sponsored by the Milton H. Erickson Foundation and held during 1995 at Las Vegas, Nev.
650 #0 - SUBJECT--TOPIC
General subdivision Congresses.
700 1# - ADDED ENTRY--PERSONAL AUTHOR
Personal Name Zeig, Jeffrey K.,
942 ## - ADDED ENTRY ELEMENTS(KOHA)
Source of classification or shelving scheme Library of Congress Classification
Koha item type General circulation
Holdings
Source of classification or shelving scheme Not for loan Location (home branch) Sublocation (holding branch) Shelving location Date accessioned Full call number Barcode Nonpublic note Koha item type
Library of Congress Classification   Main Campus Library Main Campus Library   30/05/2016 RC475.5 .E96 1997 2016/018209 amm General circulation
Kitui, Kenya.
+254736116989
library@seku.ac.ke